|
|
|
|
| LEADER |
01457nam a2200385Ia 4500 |
| 001 |
EBC468801 |
| 003 |
MiAaPQ |
| 005 |
20200520144314.0 |
| 006 |
m o d | |
| 007 |
cr cn||||||||| |
| 008 |
090611s2010 caua sb 001 0 eng d |
| 010 |
|
|
|z 2009021671
|
| 020 |
|
|
|z 9780470521168 (cloth)
|
| 035 |
|
|
|a (MiAaPQ)EBC468801
|
| 035 |
|
|
|a (Au-PeEL)EBL468801
|
| 035 |
|
|
|a (CaPaEBR)ebr10351926
|
| 035 |
|
|
|a (CaONFJC)MIL230338
|
| 035 |
|
|
|a (OCoLC)536076052
|
| 040 |
|
|
|a MiAaPQ
|c MiAaPQ
|d MiAaPQ
|
| 050 |
|
4 |
|a HF5415.5
|b .B443 2010
|
| 082 |
0 |
4 |
|a 658.8
|2 22
|
| 100 |
1 |
|
|a Benioff, Marc R.,
|d 1964-
|
| 245 |
1 |
0 |
|a Behind the cloud
|h [electronic resource] :
|b the untold story of how Salesforce.com went from idea to billion-dollar company--and revolutionized an industry /
|c Marc R. Benioff, Carlye Adler.
|
| 250 |
|
|
|a 1st ed.
|
| 260 |
|
|
|a San Francisco :
|b Jossey-Bass,
|c c2010.
|
| 300 |
|
|
|a xxiii, 278 p. :
|b ill.
|
| 504 |
|
|
|a Includes bibliographical references and index.
|
| 533 |
|
|
|a Electronic reproduction. Ann Arbor, MI : ProQuest, 2015. Available via World Wide Web. Access may be limited to ProQuest affiliated libraries.
|
| 610 |
2 |
0 |
|a Salesforce.com (Firm)
|
| 650 |
|
0 |
|a Customer relations
|x Management.
|
| 650 |
|
0 |
|a Sales management.
|
| 655 |
|
4 |
|a Electronic books.
|
| 700 |
1 |
|
|a Adler, Carlye.
|
| 710 |
2 |
|
|a ProQuest (Firm)
|
| 856 |
4 |
0 |
|u https://ebookcentral.proquest.com/lib/matrademy/detail.action?docID=468801
|z Click to View
|